000 00608nam a22002297a 4500
003 UA-OsUOA
001 88129
007 ta
008 20121001b un ||||| |||| 00| 0 ukr d
100 _aБабовал Р.
090 _a821.161.2
_bБ12
942 _cBK
040 _aUA-OsUOA
_bukr
_cUA-OsUOA
_dUA-OsUOA
245 _aМандрівники ймовірного
_bпоезії
300 _a335 с.
955 _a3
041 _aukr
080 _a821.161.2
260 _aК.
_bДніпро
_c1993
650 7 _a82 Література. Літературознавство
_2UDC
999 _c374517
_d374517